| 000 | 00644nam a2200217 a 4500 | ||
|---|---|---|---|
| 005 | 20230310063608.0 | ||
| 008 | 051124s2001 es r 000 0 spa d | ||
| 020 | _a840137734X | ||
| 035 | _aUPN01000141258 | ||
| 049 | _aCG | ||
| 050 | 4 |
_aPR6023 E7.7 _bR5.7 |
|
| 100 | 1 |
_aLessing, Doris May, _d1919- _930877 |
|
| 245 | 1 | 0 |
_aRisa africana / _cDoris Lessing ; tr. Marta Pessarrodona. |
| 260 |
_aBarcelona, Esp. : _bPlaza & Janés, _c2001. |
||
| 300 | _a399 p. | ||
| 440 | 0 | _aMujeres viajeras | |
| 534 |
_pTítulo original: _tAfrican laughter |
||
| 650 | 4 |
_aNovela inglesa _94471 |
|
| 650 | 0 |
_aNovela autobiográfica _916412 |
|
| 905 | _aLibro | ||
| 999 |
_c113405 _d113405 |
||